| 000 | 00532cam a2200169 a 4500 | ||
|---|---|---|---|
| 001 | 000006147 | ||
| 005 | 20200929151942.0 | ||
| 008 | 950830s1995 ck 001 0 spa | ||
| 020 | _a9583302120 | ||
| 040 |
_aDO-SdBNP _bspa _cBNPHU |
||
| 082 |
_axxx _bC965c |
||
| 100 | 1 |
_aCuesta Escobar, Guiomar, _d1950- _917274 |
|
| 245 | 1 | 0 |
_aCeremonia del amor / _cGuiomar Cuesta Escobar, Silvio Salazar Herrera. |
| 260 |
_aSantafé de Bogotá : _bOllave Editore, _c1995. |
||
| 300 |
_a112 p. ; _c23 cm. |
||
| 700 | 1 |
_aSalazar Herrera, Silvio. _917275 |
|
| 999 |
_c5943 _d5943 |
||